Vitamin A supplements : (Record no. 123767)

MARC details
000 -LEADER
fixed length control field 01527nam a2200397 a 4500
001 - CONTROL NUMBER
control field vtls000119493
003 - CONTROL NUMBER IDENTIFIER
control field NLI
005 - DATE AND TIME OF LATEST TRANSACTION
control field 20210601204506.0
008 - FIXED-LENGTH DATA ELEMENTS--GENERAL INFORMATION
fixed length control field 101125s1988 sz a 000 0 eng
020 ## - INTERNATIONAL STANDARD BOOK NUMBER
International Standard Book Number 9241542365 (pbk):
Terms of availability Sw. fr. 8.00
039 #9 - LEVEL OF BIBLIOGRAPHIC CONTROL AND CODING DETAIL [OBSOLETE]
Level of rules in bibliographic description 201702021351
Level of effort used to assign nonsubject heading access points Pravinbp
-- 201011251312
-- VLOAD
040 ## - CATALOGING SOURCE
Original cataloging agency NLI
Language of cataloging eng
Transcribing agency VTLS
Description conventions AACR2
041 0# - LANGUAGE CODE
Language code of text/sound track or separate title eng
044 ## - COUNTRY OF PUBLISHING/PRODUCING ENTITY CODE
MARC country code sz
082 04 - DEWEY DECIMAL CLASSIFICATION NUMBER
Classification number 641.18
110 2# - MAIN ENTRY--CORPORATE NAME
Corporate name or jurisdiction name as entry element World Health Organization (Geneva)
245 10 - TITLE STATEMENT
Title Vitamin A supplements :
Remainder of title a guide to their use in the treatment and prevention of vitamin A deficiency and xerophthalmia /
Statement of responsibility, etc. prepared by a WHO/UNICEF/IVACG Task Force
260 ## - PUBLICATION, DISTRIBUTION, ETC.
Place of publication, distribution, etc. Geneva :
Name of publisher, distributor, etc. World Health Organization,
Date of publication, distribution, etc. 1988
300 ## - PHYSICAL DESCRIPTION
Extent 24 p. :
Other physical details ill. ;
Dimensions 25 cm.
504 ## - BIBLIOGRAPHY, ETC. NOTE
Bibliography, etc. note Includes bibliographical references
650 #0 - SUBJECT ADDED ENTRY--TOPICAL TERM
Topical term or geographic name entry element Vitamin A deficiency
9 (RLIN) 14861
650 #0 - SUBJECT ADDED ENTRY--TOPICAL TERM
Topical term or geographic name entry element Vitamin A
650 #0 - SUBJECT ADDED ENTRY--TOPICAL TERM
Topical term or geographic name entry element Xerophthalmia
9 (RLIN) 244885
650 #0 - SUBJECT ADDED ENTRY--TOPICAL TERM
Topical term or geographic name entry element Vitamin A
General subdivision therapeutic use
9 (RLIN) 244886
650 #0 - SUBJECT ADDED ENTRY--TOPICAL TERM
Topical term or geographic name entry element Vitamin A Deficiency
General subdivision drug therapy
9 (RLIN) 244887
650 #0 - SUBJECT ADDED ENTRY--TOPICAL TERM
Topical term or geographic name entry element Vitamin A Deficiency
General subdivision prevention & control
9 (RLIN) 244888
710 2# - ADDED ENTRY--CORPORATE NAME
Corporate name or jurisdiction name as entry element United Nations Children's Fund (UNICEF)
710 2# - ADDED ENTRY--CORPORATE NAME
Corporate name or jurisdiction name as entry element International Vitamin A Consultative Group
9 (RLIN) 244339
887 ## - NON-MARC INFORMATION FIELD
Content of non-MARC field
901 ## - LOCAL DATA ELEMENT A, LDA (RLIN)
a FOD23783
b 09.01.1989
902 ## - LOCAL DATA ELEMENT B, LDB (RLIN)
a UN641.18 W927
906 ## - LOCAL DATA ELEMENT F, LDF (RLIN)
a FOD988
z 1
949 ## - LOCAL PROCESSING INFORMATION (OCLC)
-- VIRTUAITEM
-- 10002
-- 100
6 FOD000023783ENG
942 ## - ADDED ENTRY ELEMENTS (KOHA)
Source of classification or shelving scheme Dewey Decimal Classification
Koha item type Books
Holdings
Withdrawn status Lost status Damaged status Not for loan Collection code Home library Current library Shelving location Date acquired Total Checkouts Full call number Barcode Date last seen Price effective from Koha item type
        United Nations National Library of India National Library of India Foreign Official Documents - United Nations     UN641.18 W927 FOD000023783ENG 01/06/2021 01/06/2021 Books
                                                                           
web counter

Copyright ©2020 The National Library of India, Govt. of India ↔ Hosted by NVLI, MOC ↔ Technology and Design by National Library of India, Ministry of Culture, Govt. of India